Germany's FIFA World Cup Winning Squads (1954, 1974, 1990 & 2014) - Statistics

General Stats
  • This quiz has been taken 92 times
  • The average score is 31 of 87
Answer Stats
# Position Player % Correct
9 FW Gerd Müller
97%
13 FW Thomas Müller
97%
1 GK Manuel Neuer
95%
Coach Franz Beckenbauer
93%
5 DF © Franz Beckenbauer
93%
16 DF © Phillip Lahm
89%
11 FW Miroslav Klose
88%
19 FW Mario Götze
86%
7 MD Bastian Schweinsteiger
85%
20 DF Jérôme Boateng
84%
8 MD Mesut Özil
84%
5 DF Mats Hummels
82%
6 MD Sami Khedira
82%
10 MD © Lothar Matthäus
81%
18 MD Toni Kroos
80%
Coach Joachim Löw
73%
4 DF Benedikt Höwedes
72%
13 FW Jürgen Klinsmann
72%
9 FW André Schürrle
70%
17 MD Per Mertesacker
70%
10 FW Lukas Podolski
69%
9 FW Rudi Völler
66%
22 GK Roman Weidenfeller
61%
3 DF Andreas Brehme
58%
1 GK Sepp Maier
58%
21 MD Christoph Kramer
57%
14 MD Julian Draxler
51%
15 DF Erik Durm
50%
2 DF Kevin Großkreutz
50%
12 GK Ron-Robert Zieler
47%
7 FW Helmut Rahn
46%
23 FW Shkodran Mustafi
45%
13 FW Uli Hoeneß
45%
1 GK Bodo Illgner
41%
3 DF Matthias Ginter
41%
16 DF Berti Vogts
38%
17 DF Hans-Hubert Vogts
35%
10 FW Günter Netzer
32%
7 FW Pierre Littbarski
31%
17 MD Andreas Möller
28%
8 FW Thomas Häßler
26%
16 FW © Fritz Walter
24%
20 Gk Andreas Köpke
23%
4 DF Guido Buchwald
23%
4 DF Hans-Georg Schwarzenbeck
23%
5 DF Klaus Augenthaler
23%
3 DF Georg Schwarzenbeck
22%
Coach Helmut Schön
22%
6 MD Olaf Thon
19%
14 MD Wolgang Overath
19%
6 MD Rainer Bonhof
18%
7 FW Jürgen Grabowski
16%
11 FW Karl-Heinz Riedle
16%
2 DF Thomas Berthold
16%
15 FW Bern Hölzenbein
14%
Coach Sepp Herberger
14%
16 DF Stefan Reuter
14%
1 GK Toni Turek
12%
21 MD Uwe Bein
12%
8 FW Max Morlock
11%
18 FW Frank Mill
9%
12 GK Raimond Aumann
9%
15 DF Günter Hermann
8%
4 DF Karl Mai
7%
8 MD Heinz Flohe
5%
18 DF Horst-Dieter Höttges
5%
13 FW Ottmar Walter
5%
14 MD Hans Pflüger
4%
9 FW Hans Schäfer
4%
5 DF Horst Eckel
4%
20 GK Wolfgang Kleff
4%
19 MD Herbert Wimmer
3%
2 DF Josef Posipal
3%
12 GK Norbert Nigbur
3%
14 MD Alfred Pfaff
1%
2 DF Bernard Dietz
1%
12 GK Heinz Kubsch
1%
10 FW Richard Herrmann
1%
3 DF Werner Kohlmeyer
1%
22 DF Wolfgang Rolff
1%
11 FW Bernard Klodt
0%
17 DF Erwin Waldner
0%
15 DF Georg Stollenwerk
0%
18 GK Heinrich Kwiatkowski
0%
21 FW Klaus Wunder
0%
19 DF Manfred Binz
0%
6 DF Paul Mebus
0%
No matching quizzes found
Score Distribution
Percent of People with Each Score
Percentile by Number Answered
Your Score History
You have not taken this quiz